Все станции московских пригородных электричек-1 - Statistics

General Stats
  • This quiz has been taken 60 times
  • The average score is 165 of 497
Answer Stats
Направление/Ветка Станция % Correct
Казанско-Рязанское | Курское | Савеловское Депо
75%
Курское и Горьковское Курский Вокзал
69%
Савеловское Дмитров
63%
Курское Подольск
63%
Курское Чехов
63%
Савеловское Марк
59%
Савеловское (ответвление) Аэропорт Шереметьево
59%
Савеловское Лобня
59%
Савеловское (ответвление) Дубна
59%
Савеловское Савелово
59%
Рижское Марьина Роща
59%
Курское Москва Товарная
59%
Курское Текстильщики
59%
Курское Щербинка
59%
Курское 66 км
59%
Савеловское Тимирязевская
56%
Савеловское Водники
56%
Ленинградское Петровско-Разумовская
56%
Курское Новохохловская
56%
Курское Печатники
56%
Курское Царицыно
56%
Курское Бутово
56%
Курское Остафьево
56%
Курское Силикатная
56%
Курское Серпухов
56%
Савеловское Савеловский вокзал
53%
Савеловское Окружная
53%
Савеловское Дегунино
53%
Савеловское Бескудниково
53%
Савеловское Лианозово
53%
Савеловское Новодачная
53%
Савеловское Долгопрудная
53%
Савеловское Хлебниково
53%
Савеловское Шереметьевская
53%
Савеловское Яхрома
53%
Ленинградское Рижская
53%
Рижское Дмитровская
53%
Рижское Волоколамск
53%
Белорусское Одинцово
53%
Киевское Внуково
53%
Киевское (ответвление) Аэропорт Внуково
53%
Курское Люблино
53%
Курское Красный Строитель
53%
Курское Кутузовская
53%
Казанское Казанский Вокзал
53%
Горьковское Покров
53%
Савеловское Икша
50%
Ленинградское Ленинградский Вокзал
50%
Ленинградское Химки
50%
Ленинградское Зеленоград-Крюково
50%
Белорусское Кунцевская
50%
Киевское Солнечная
50%
Киевское Апрелевка
50%
Курское Львовская
50%
Курское Чепелево
50%
Киевское Калуга-1
50%
Курское Тула-1
50%
Казанское Люберцы-1
50%
Казанско-Рязанское Рязань-1
50%
Казанское-Основное Люберцы-2
50%
Казанско-Рязанское (ответвление) Рязань-2
50%
Савеловское Катуар
47%
Савеловское Талдом
47%
Ленинградское Останкино
47%
Ленинградское Ховрино
47%
Ленинградское Сходня
47%
Ленинградское Малино
47%
Рижское Гражданская
47%
Рижское Красный Балтиец
47%
Рижское Стрешнево
47%
Рижское Щукинская
47%
Рижское Тушинская
47%
Рижское Трикотажная
47%
Киевское Лесной Городок
47%
Киевское (ответвление) Аэропорт
47%
Киевское Нара
47%
Курское Битца
47%
Курское Весенняя
47%
Курское Молоди
47%
Курское Столбовая
47%
Курское Луч
47%
Казанско-Рязанское Раменское
47%
Горьковское Серп и Молот
47%
Горьковское Новогиреево
47%
Савеловское Луговая
44%
Савеловское Турист
44%
Савеловское (ответвление) Темпы
44%
Савеловское (ответвление) Большая Волга
44%
Ленинградское Моссельмаш
44%
Ленинградское Молжаниново
44%
Ленинградское Новоподрезково
44%
Ленинградское Подрезково
44%
Ленинградское Клин
44%
Рижское Рижский Вокзал
44%
Рижское Волоколамская
44%
Рижское Пенягино
44%
Рижское Павшино
44%
Рижское Красногорская
44%
Рижское Опалиха
44%
Рижское Аникеевка
44%
Рижское Нахабино
44%
Рижское Дедовск
44%
Рижское Истра
44%
Рижское Новоиерусалимская
44%
Рижское Шаховская
44%
Белорусское Беговая
44%
Белорусское Фили
44%
Белорусское Можайск
44%
Киевское Киевский Вокзал
44%
Киевское Поклонная
44%
Киевское Минская
44%
Киевское Очаково
44%
Киевское Толстопальцево
44%
Киевское Кокошкино
44%
Курское Перерва
44%
Курское Курьяново
44%
Казанское Электрозаводская
44%
Казанское Сортировочная
44%
Казанское Перово
44%
Казанское Выхино
44%
Казанско-Рязанское Ипподром
44%
Горьковское Кусково
44%
Горьковское Реутов
44%
Горьковское Владимир
44%
Горьковское 33 км
44%
Савеловское Морозки
41%
Савеловское Вербилки
41%
Ленинградское Лихоборы
41%
Ленинградское Грачевская
41%
Ленинградское Левобережная
41%
Ленинградское Фирсановская
41%
Ленинградское Алабушево
41%
Ленинградское Завидово
41%
Ленинградское Тверь
41%
Белорусское Белорусский Вокзал
41%
Белорусское Тестовская
41%
Белорусское Сетунь
41%
Белорусское Сколково
41%
Белорусское (ответвление) Звенигород
41%
Киевское Матвеевская
41%
Киевское Аминьевская
41%
Киевское Мещерская
41%
Киевское (ответвление) Новопеределкино
41%
Киевское Санино
41%
Киевское Победа
41%
Киевское Малоярославец
41%
Курское Москворечье
41%
Курское Покровское
41%
Курское Гривно
41%
Павелецкое Павелецкий Вокзал
41%
Казанское Плющево
41%
Казанское Вешняки
41%
Казанское Косино
41%
Казанское-Основное Шатура
41%
Казанско-Рязанское Воскресенск
41%
Горьковское Нижегородская
41%
Горьковское Чухлинка
41%
Горьковское (ответвление) Балашиха
41%
Горьковское Фрязево
41%
Ленинградское Поварово-1
41%
Рижское Манихино-1
41%
Белорусское Кубинка-1
41%
Киевское Бекасово-1
41%
Курское 107 км
41%
Савеловское (ответвление) 119 км
41%
Горьковское 43 км
41%
Казанско-Рязанское 88 км
41%
Савеловское Некрасовская
38%
Савеловское Трудовая
38%
Савеловское Каналстрой
38%
Савеловское (ответвление) Соревнование
38%
Савеловское (ответвление) Запрудня
38%
Савеловское (ответвление) Мельдино
38%
Савеловское (ответвление) Карманово
38%
Ленинградское Поваровка
38%
Ленинградское Подсолнечная
38%
Ленинградское (ответвление) Конаково ГРЭС
38%
Ленинградское Московское Море
38%
Рижское Румянцево
38%
Белорусское Славянский Бульвар
38%
Белорусское Рабочий Поселок
38%
Белорусское (ответвление) Усово
38%
Белорусское Немчиновка
38%
Белорусское Баковка
38%
Белорусское Отрадное
38%
Белорусское Голицыно
38%
Белорусское Тучково
38%
Белорусское Уваровка
38%
Белорусское Гагарин
38%
Киевское Переделкино
38%
Киевское Крекшино
38%
Киевское Алабино
38%
Павелецкое Домодедово
38%
Павелецкое (ответвление) Аэропорт Домодедово
38%
Казанское Авиамоторная
38%
Казанское Андроновка
38%
Казанское Ухтомская
38%
Казанско-Рязанское Панки
38%
Казанско-Рязанское Томилино
38%
Казанско-Рязанское Красково
38%
Казанско-Рязанское Малаховка
38%
Казанско-Рязанское Кратово
38%
Казанско-Рязанское Коломна
38%
Горьковское Железнодорожная
38%
Горьковское Электроугли
38%
Горьковское (ответвление) Электрогорск
38%
Горьковское Орехово-Зуево
38%
Горьковское Петушки
38%
Горьковское | Казанско-Рязанское 113 км
38%
Горьковское (ответвление) 14 км
38%
Казанско-Рязанское 142 км
38%
Киевское 167 км
38%
Курское 191 км
38%
Рижское 50 км
38%
Казанско-Рязанское 63 км
38%
Горьковское 87 км
38%
Курское 92 км
38%
Савеловское Орудьево
34%
Ленинградское Сенеж
34%
Ленинградское Покровка
34%
Ленинградское Решетниково
34%
Рижское Чеховская
34%
Белорусское (ответвление) Ромашково
34%
Белорусское (ответвление) Барвиха
34%
Белорусское Дачное
34%
Белорусское Малые Вяземы
34%
Белорусское Бородино
34%
Киевское Мичуринец
34%
Киевское Селятино
34%
Киевское Зосимова Пустынь
34%
Киевское Балабаново
34%
Курское Калитники
34%
Курское Шарапова Охота
34%
Курское Ока
34%
Павелецкое Дербеневская
34%
Павелецкое Верхние Котлы
34%
Павелецкое Варшавская
34%
Павелецкое Чертаново
34%
Павелецкое Ступино
34%
Павелецкое Кашира
34%
Павелецкое Ожерелье
34%
Казанское-Основное Черусти
34%
Казанско-Рязанское Быково
34%
Казанско-Рязанское Ильинская
34%
Казанско-Рязанское Есенинская
34%
Казанско-Рязанское Бронницы
34%
Казанско-Рязанское Голутвин
34%
Горьковское Кучино
34%
Горьковское Купавна
34%
Горьковское (ответвление) Электросталь
34%
Горьковское Павловский Посад
34%
Курское 132 км
34%
Рижское 133 км
34%
Павелецкое 137 км
34%
Киевское 140 км
34%
Павелецкое 146 км
34%
Белорусское 147 км
34%
Казанское-Основное (ответвление) 15 км
34%
Павелецкое 152 км
34%
Курское 153 км
34%
Горьковское 170 км
34%
Казанско-Рязанское 187 км
34%
Казанско-Рязанское 189 км
34%
Павелецкое 32 км
34%
Казанское-Основное (ответвление) 47 км
34%
Казанское-Основное | Павелецкое 52 км
34%
Рижское 73 км
34%
Казанское-Основное 90 км
34%
Рижское 91 км
34%
Рижское Малиновка
34%
Савеловское Имени Барсученко
31%
Савеловское Власово
31%
Ленинградское Фроловское
31%
Ленинградское (ответвление) Конаковский Мох
31%
Ленинградское Черничная
31%
Ленинградское Редкино
31%
Рижское Миитовская
31%
Рижское Снегири
31%
Рижское Холщевики
31%
Рижское Дубосеково
31%
Белорусское (ответвление) Раздоры
31%
Белорусское (ответвление) Ильинское
31%
Белорусское Перхушково
31%
Белорусское Здравница
31%
Белорусское Жаворонки
31%
Белорусское Петелино
31%
Белорусское Часцовская
31%
Белорусское | Киевское Садовая
31%
Белорусское Дорохово
31%
Киевское Ожигово
31%
Киевское Обнинское
31%
Павелецкое Тульская
31%
Павелецкое Нагатинская
31%
Павелецкое (ответвление) Космос
31%
Павелецкое Узуново
31%
Казанское-Основное Гжель
31%
Казанско-Рязанское Удельная
31%
Казанско-Рязанское Шиферная
31%
Казанско-Рязанское Цемгигант
31%
Казанско-Рязанское Луховицы
31%
Казанско-Рязанское Рыбное
31%
Горьковское Никольское
31%
Горьковское Салтыковское
31%
Горьковское (ответвление) Ногинск
31%
Горьковское Дрезна
31%
Павелецкое 121 км
31%
Павелецкое 131 км
31%
Казанско-Рязанское 179 км
31%
Казанское-Основное 41 км
31%
Казанское-Основное 49 км
31%
Казанское-Основное 55 км
31%
Павелецкое 85 км
31%
Савеловское 94 км
31%
Савеловское Лебзино
28%
Ленинградское Радищево
28%
Ленинградское Березки-Дачные
28%
Ленинградское Головково
28%
Ленинградское Стреглово
28%
Ленинградское Ямуга
28%
Ленинградское (ответвление) Донховка
28%
Ленинградское Чуприяновка
28%
Белорусское Пионерская
28%
Белорусское (ответвление) | Горьковское (ответвление) Захарово
28%
Белорусское Полушкино
28%
Белорусское Санаторная
28%
Белорусское Театральная
28%
Белорусское Колочь
28%
Киевское Дачная
28%
Киевское Рассудово
28%
Киевское Латышская
28%
Курское Авангард
28%
Курское Приокская
28%
Курское Романовские Дачи
28%
Курское Тарусская
28%
Курское Ясногорск
28%
Курское Хомяково
28%
Павелецкое Булатниково
28%
Павелецкое Расторгуево
28%
Павелецкое Ленинская
28%
Павелецкое (ответвление) Авиационная
28%
Павелецкое Взлетная
28%
Павелецкое Белые Столбы
28%
Павелецкое Михнево
28%
Павелецкое Акри
28%
Павелецкое Белопесоцкий
28%
Казанское-Основное Куровская
28%
Казанско-Рязанское Отдых
28%
Казанско-Рязанское Виноградово
28%
Казанско-Рязанское Конев Бор
28%
Казанско-Рязанское Подлипки
28%
Горьковское Ольгино
28%
Савеловское 124 км
28%
Казанское-Основное (ответвление) 29 км
28%
Рижское Троицкая
25%
Рижское Чисмена
25%
Рижское Матренино
25%
Рижское Подмосковные Дачи
25%
Белорусское Сушкинская
25%
Белорусское Портновская
25%
Курское Шульгино
25%
Курское Байдики
25%
Павелецкое Бирюлево-Товарное
25%
Павелецкое Бирюлево-Пассажирское
25%
Павелецкое Калинина
25%
Павелецкое Востряково
25%
Павелецкое Барыбино
25%
Казанско-Рязанское Фабричная
25%
Казанско-Рязанское Золотово
25%
Казанско-Рязанское Конобеево
25%
Горьковское (ответвление) Горенки
25%
Горьковское Черное
25%
Горьковское Заря
25%
Горьковское Костерево
25%
Горьковское Ундол
25%
Ленинградское (ответвление) Путепроводная
22%
Ленинградское Кузьминка
22%
Ленинградское Лазурная
22%
Рижское Новопетровская
22%
Киевское Родинка
22%
Павелецкое Котляково
22%
Павелецкое Вельяминово
22%
Павелецкое Привалово
22%
Павелецкое Шугарово
22%
Павелецкое Ситенка
22%
Павелецкое Тесна
22%
Казанско-Рязанское Трофимово
22%
Казанско-Рязанское Пески
22%
Казанско-Рязанское Щурово
22%
Горьковское (ответвление) Стройка
22%
Горьковское Храпуново
22%
Горьковское Болдино
22%
Рижское Курсаковская
19%
Рижское Лесодолгоруково
19%
Рижское Бухолово
19%
Белорусское (ответвление) Хлюпино
19%
Белорусское (ответвление) Скоротово
19%
Белорусское Кукаринская
19%
Белорусское Платовская
19%
Киевское Ворсино
19%
Киевское Суходрев
19%
Курское Пахомово
19%
Казанское-Основное Хрипань
19%
Казанское-Основное Шевлягино
19%
Казанское-Основное Шатурторф
19%
Казанское-Основное Кривандино
19%
Казанско-Рязанское Белоозерская
19%
Казанско-Рязанское Москворецкая
19%
Казанско-Рязанское Жилые Дома (Рязань Сортировочная)
19%
Горьковское Назарьево
19%
Ленинградское Межево
16%
Рижское Ядрошино
16%
Рижское Устиновка
16%
Рижское Благовещенское
16%
Рижское Москвич
16%
Белорусское Чапаевка
16%
Киевское Тихонова Пустынь
16%
Курское Ревякино
16%
Казанское-Основное Вялки
16%
Казанско-Рязанское Совхоз
16%
Казанско-Рязанское Радуга
16%
Горьковское (ответвление) Машиностроитель
16%
Горьковское Крутое
16%
Горьковское Усад
16%
Белорусское Партизанская
13%
Белорусское Корытово
13%
Белорусское Дровнино
13%
Белорусское Батюшково
13%
Белорусское Колесники
13%
Киевское Башкино
13%
Киевское Шемякино
13%
Киевское Сляднево
13%
Киевское Азарово
13%
Курское Шеметово
13%
Курское Бараново
13%
Павелецкое Жилево
13%
Казанское-Основное Коренево
13%
Казанское-Основное Донино
13%
Казанское-Основное Кузяево
13%
Казанское-Основное Авсюнино
13%
Казанское-Основное Ботино
13%
Казанское-Основное Туголесье
13%
Казанско-Рязанское Загорново
13%
Казанско-Рязанское Фаустово
13%
Казанско-Рязанское Черная
13%
Горьковское Есино
13%
Горьковское Кабаново
13%
Горьковское Глубоково
13%
Горьковское Омутище
13%
Горьковское Колокша
13%
Горьковское Юрьевец
13%
Киевское Ерденево
9%
Павелецкое Топканово
9%
Павелецкое Богатищево
9%
Павелецкое Коровино
9%
Казанское-Основное Игнатьево
9%
Казанское-Основное Заполицы
9%
Казанское-Основное Запутная
9%
Казанское-Основное Воймежный
9%
Казанско-Рязанское Хорошево
9%
Казанско-Рязанское Фруктовая
9%
Горьковское Казанское
9%
Горьковское Вохна
9%
Горьковское (ответвление) Ленская
9%
Горьковское (ответвление) Ковригино
9%
Горьковское Войново
9%
Горьковское Леоново
9%
Белорусское Шалихово
6%
Киевское Муратовка
6%
Павелецкое Пурлово
6%
Казанское-Основное Овражки
6%
Казанское-Основное Родники
6%
Казанское-Основное Григорово
6%
Казанское-Основное Смолево
6%
Казанское-Основное Анциферово
6%
Казанское-Основное Подосинки
6%
Казанское-Основное Беливо
6%
Казанское-Основное (ответвление) Рязановка
6%
Казанско-Рязанское Слемы
6%
Казанско-Рязанское Дивово
6%
Казанско-Рязанское Истодники
6%
Казанско-Рязанское Ходынино
6%
Казанско-Рязанское Недостоево
6%
Казанско-Рязанское Дягилево
6%
Казанско-Рязанское Лагерный
6%
Горьковское (ответвление) Металлург
6%
Горьковское Сушнево
6%
Казанское-Основное (ответвление) Осаново
3%
Казанское-Основное (ответвление) Пожога
3%
Казанское-Основное (ответвление) Бармино
3%
Казанское-Основное (ответвление) Сазоново
3%
Казанско-Рязанское Алпатьево
3%
No matching quizzes found
Score Distribution
Percent of People with Each Score
Percentile by Number Answered
Your Score History
You have not taken this quiz